On This Day: August 14th Quiz Stats

 Plays Quiz Updated Aug 14, 2017

Support Sporcle.
Go Orange.
Score 0/7 Timer 03:00
2 Plays Today
Question Answer Wrong Answers
This professional sports league, which would eventually merge with the NFL, is founded.
1959
American Football League
88.3%
Canadian Football League
2.4%
United Football League
4.1%
Arena Football League
1.4%
The ______ Security Act is signed into law, creating a government pension system for the retired.
1935
Social
84.7%
National
7.5%
Special
1%
Financial
4.3%
The Second Seminole War ends, and the Seminoles are forced to move from Florida to ______.
1842
Oklahoma
80.8%
New York
4.4%
Illinois
7.2%
California
7.5%
This American actor, comedian, and musician, known for roles in films like ‘The Jerk’ and ‘Three Amigos’, is born.
1945
Steve Martin
80.6%
Chevy Chase
8.8%
John Candy
2.5%
Martin Short
4.6%
This former labor activist, who won the Nobel Peace Prize in 1983 and served as President of Poland from 1990 to 1995, leads strikes at the shipyards in Gdańsk.
1980
Lech Wałęsa
74.8%
Jarosław Kaczyński
9%
Aleksander Kwaśniewski
6.7%
Wojciech Jaruzelski
5.3%
This territory in the northwestern United States is officially organized by an act of Congress.
1848
Oregon
72.4%
Vancouver
2.9%
Idaho
7.1%
Montana
16%
Winston Churchill and Franklin D. Roosevelt sign the ______ Charter, which defined the Allied goals for the postwar world.
1941
Atlantic
67.6%
Pacific
10%
Peace
12.7%
Western
6.7%

You're not logged in!

Compare scores with friends on all Sporcle quizzes.
OR
Log In
Forgot?

From the Vault

Members of the Fantastic Four

by cowboy_smurf

Remember, kids, cosmic radiation doesn't really give you super powers.
Remove Ads.
Support Sporcle.
Get the best of Sporcle when you Go Orange. This ad-free experience offers more features, more stats, and more fun while also helping to support Sporcle. Thank you for becoming a member.

Show Comments

Extras

Top Quizzes Today


Score Distribution

Your Account Isn't Verified!

In order to create a playlist on Sporcle, you need to verify the email address you used during registration. Go to your Sporcle Settings to finish the process.

Report this User

Report this user for behavior that violates our Community Guidelines.

Details: